|
|
|
|
| LEADER |
01209nam a2200229 u 4500 |
| 001 |
10011783 |
| 003 |
GR-PaULI |
| 005 |
20210825093233.0 |
| 008 |
881025s1957 gr a gre |
| 952 |
|
|
|0 0
|1 0
|2 ddc
|4 0
|6 Π_ΜΣΧ_949_550000000000000_ΑΝΤ
|7 0
|9 327666
|a LISP
|b LISP
|c REF
|d 2021-08-25
|e ΠΑΝ
|i 093152
|l 0
|o Π/ΜΣΧ 949.55 ΑΝΤ
|p 025000162451
|r 2021-08-25 00:00:00
|t 1
|w 2021-08-25
|y BKN
|z Δωρεά Κωνσταντίνου Γ. Πανίτσα.
|
| 999 |
|
|
|c 183711
|d 183711
|
| 040 |
|
|
|a GR-PaULI
|c GR-PaULI
|b gre
|e AACR2
|
| 041 |
0 |
|
|a gre
|a fre
|
| 082 |
0 |
4 |
|2 23
|a 949.55
|
| 100 |
1 |
|
|9 187071
|a Αντωνακάτου, Ντιάνα Γερ.,
|d 1927-
|e συγγραφέας.
|
| 245 |
1 |
0 |
|a Κεφαλονιά /
|b
|c Ντιάνας Αντωνακάτου ; εισαγωγή από τον Δημ. Σ. Λουκάτο.
|
| 260 |
|
|
|a Αθήνα :
|b [Γραφικαί τέχναι Ο. Περβολαράκης, Β. Λυκογιάννης],
|c 1957.
|
| 300 |
|
|
|a [108] σ. :
|b εικ. ;
|c 42 εκ.
|
| 651 |
|
4 |
|9 187074
|a Κεφαλονιά (Νησί)
|x Εικονογραφημένα έργα.
|
| 700 |
1 |
4 |
|9 183058
|a Λουκάτος, Δημήτρης Σωτ.,
|d 1908-2003.
|
| 942 |
|
|
|2 ddc
|c BKN
|
| 998 |
|
|
|c ΜΠΟΥΡΑΣ
|d 2021-08
|